Library Logo

Pioneer International University Library Catalogue

GCSE/Key stage 4 information systems and information technology (Record no. 2426)

MARC details
000 -LEADER
fixed length control field 00308nam a22000977a 4500
005 - DATE AND TIME OF LATEST TRANSACTION
control field 20250901165336.0
008 - FIXED-LENGTH DATA ELEMENTS--GENERAL INFORMATION
fixed length control field 210312b ||||| |||| 00| 0 eng d
050 ## - LIBRARY OF CONGRESS CALL NUMBER
Classification number QA76
245 ## - TITLE STATEMENT
Title GCSE/Key stage 4 information systems and information technology
Statement of responsibility, etc. CRAWFORD, ROGER
942 ## - ADDED ENTRY ELEMENTS (KOHA)
Source of classification or shelving scheme Library of Congress Classification
Classification part QA76 .C73 1994
Holdings
Withdrawn status Lost status Source of classification or shelving scheme Damaged status Not for loan Home library Current library Shelving location Date acquired Total checkouts Full call number Barcode Date last seen Price effective from Koha item type
    Library of Congress Classification     Main Library Main Library   03/12/2021   QA76 .C73 1994 PIU0001135 03/12/2021 03/12/2021 Books